Statistics for Fast typing 1-50

Click here to take the quiz!

General Stats

  • This quiz has been taken 77 times
  • The average score is 40 of 50

Answer Stats

HintAnswer% Correct
11
100%
33
100%
44
100%
55
100%
66
100%
77
100%
88
100%
99
100%
22
100%
1010
97%
1212
95%
1111
92%
2121
89%
1616
87%
1313
87%
1515
87%
1414
87%
1717
84%
1818
84%
1919
84%
2222
84%
3131
84%
3232
82%
3030
82%
2929
82%
2626
82%
2727
82%
2525
82%
2424
82%
2323
82%
2828
79%
2020
79%
3333
79%
3434
79%
3535
76%
3636
76%
3737
76%
4242
71%
3939
71%
3838
71%
4040
68%
4141
68%
4343
61%
4444
61%
4545
61%
4747
58%
4646
55%
4848
55%
4949
47%
5050
47%

Score Distribution

Percentile by Number Answered

Percent of People with Each Score

Your Score History

You have not taken this quiz